| 000 | 02598nam a22004454i 4500 | ||
|---|---|---|---|
| 999 |
_c64291 _d64291 |
||
| 001 | 768714001 | ||
| 003 | CO-MdFUSB | ||
| 005 | 20190202100528.0 | ||
| 008 | 180418t2017 ck ||||g |||| 00| 0 spa d | ||
| 020 | _a9789587389302 | ||
| 040 |
_aCO-MdFUSB _bspa _cCO-MdFUSB _dCO-MdFUSB _erda |
||
| 041 | _aspa | ||
| 082 |
_224 _aG 215 _bC569c |
||
| 245 | 1 | 1 |
_a¿Ciencia o religión? _b: exploraciones sobre las relaciones entre fe y racionalidad en el mundo contemporáneo _c/ Raúl Melendéz, Luis Fernando Múnera S.J. y Carlos Miguel Gómez, editores |
| 264 | 1 |
_aBogotá, Colombia : _bUniversidad del Rosario y Pontificia Universidad Javeriana, _c℗2017 |
|
| 264 | 4 | _c©2017 | |
| 300 |
_a220 páginas _b: _c24 cm. |
||
| 336 |
_2rdacontent _atexto _btxt |
||
| 337 |
_2rdamedia _asin mediación _bn |
||
| 338 |
_2rdacarrier _avolumen _bnc |
||
| 504 | _aBibliografías (p. 18, 42, 75, 96, 116, 138, 159, 176, 199, 220) | ||
| 505 | 0 |
_aEl debate contemporáneo entre ciencia y religión: ¿una cuestión metafísica o política? -- Fe y conocimiento : investigación sobre la función epistémica de la creencia religiosa -- Experiencia y religión. Esbozo de una filosofía multidimensional -- La creencia y la afirmación de Dios: camino frágil y razonable -- Objetividad y racionalidad en las afirmaciones científicas y las creencias religiosas -- Algunos supuestos lógicos en el pensamiento de Kierkegaard y el carácter existencial de la fe -- El naturalismo en la discusión entre ciencia y religión -- Ciencias, religiones y otras creencias: ¿quién debe explicarle qué a quién? -- La metafísica de la contingencia -- Comentarios críticos a la interpretación neocalvinista sobre la relación entre teorías y presupuestos metafísicos. _tIntroducción. -- _tI. Fundamentos y perspectivas para el estudio de las relaciones entre ciencia y religión. -- _tII. La racionalidad de la creencia religiosa. -- _tIII. Debates actuales en la discusión entre ciencia y religión. -- |
|
| 650 | 7 |
_9259 _aReligión y ciencia |
|
| 653 | _aTeoría del conocimiento | ||
| 653 | _aFilosofía de la religión | ||
| 653 | _aRazón | ||
| 653 | _aMetafísica | ||
| 700 |
_aMeléndez, Raúl _eeditor _91214 |
||
| 700 |
_91215 _aMúnera, Luis Fernando, S.J. _eeditor |
||
| 700 |
_91216 _aGómez, Carlos Miguel _eeditor |
||
| 720 | _aSchmidt, Thomas M. | ||
| 720 | _aJiménez, Luis, S.J. | ||
| 720 | _aContreras, Omar | ||
| 720 | _aGómez, Susana | ||
| 720 | _aMurillo, José Ignacio | ||
| 720 | _aEslava, Edgar | ||
| 720 | _aHidalgo, Catalina | ||
| 720 | _aGarzon, Camilo | ||
| 942 | _cBK | ||